<?xml version="1.0" encoding="UTF-8"?>
<record
    xmlns:xsi="http://www.w3.org/2001/XMLSchema-instance"
    xsi:schemaLocation="http://www.loc.gov/MARC21/slim http://www.loc.gov/standards/marcxml/schema/MARC21slim.xsd"
    xmlns="http://www.loc.gov/MARC21/slim">

  <leader>03341cam a22003858i 4500</leader>
  <datafield tag="999" ind1=" " ind2=" ">
    <subfield code="c">29280</subfield>
    <subfield code="d">29251</subfield>
  </datafield>
  <controlfield tag="001">20792626</controlfield>
  <controlfield tag="003">EG-ScBUE</controlfield>
  <controlfield tag="005">20210801115204.0</controlfield>
  <controlfield tag="008">181228s2019    nyu    f b    001 0 eng d</controlfield>
  <datafield tag="020" ind1=" " ind2=" ">
    <subfield code="a">9781138668973 (pbk)</subfield>
  </datafield>
  <datafield tag="040" ind1=" " ind2=" ">
    <subfield code="a">DLC</subfield>
    <subfield code="b">eng</subfield>
    <subfield code="e">rda</subfield>
    <subfield code="c">DLC</subfield>
    <subfield code="d">EG-ScBUE</subfield>
  </datafield>
  <datafield tag="082" ind1="0" ind2="4">
    <subfield code="a">327.101</subfield>
    <subfield code="b">SCI</subfield>
    <subfield code="2">22</subfield>
  </datafield>
  <datafield tag="245" ind1="0" ind2="0">
    <subfield code="a">Science, technology, and art in international relations /</subfield>
    <subfield code="c">Edited by J.P. Singh, Madeline Carr and Ren&#xE9;e Marlin-Bennett.</subfield>
  </datafield>
  <datafield tag="264" ind1=" " ind2="1">
    <subfield code="a">New York, NY ;</subfield>
    <subfield code="a">London :</subfield>
    <subfield code="b">Routledge,</subfield>
    <subfield code="c">2019.</subfield>
  </datafield>
  <datafield tag="300" ind1=" " ind2=" ">
    <subfield code="a">xvii, 213 pages ;</subfield>
    <subfield code="c">24 cm</subfield>
  </datafield>
  <datafield tag="336" ind1=" " ind2=" ">
    <subfield code="a">text</subfield>
    <subfield code="b">txt</subfield>
    <subfield code="2">rdacontent</subfield>
  </datafield>
  <datafield tag="337" ind1=" " ind2=" ">
    <subfield code="a">unmediated</subfield>
    <subfield code="b">n</subfield>
    <subfield code="2">rdamedia</subfield>
  </datafield>
  <datafield tag="338" ind1=" " ind2=" ">
    <subfield code="a">volume</subfield>
    <subfield code="b">nc</subfield>
    <subfield code="2">rdacarrier</subfield>
  </datafield>
  <datafield tag="504" ind1=" " ind2=" ">
    <subfield code="a">Includes bibliographical references and index.</subfield>
  </datafield>
  <datafield tag="505" ind1="0" ind2=" ">
    <subfield code="a">Science, technology, and art in international relations : origins and prospects / J.P. Singh -- A role for phenomenology in ir scholarship / Alena Drieschova -- How to discomfort a worldview? : social sciences, surveillance technologies, and defamiliarization / Rocco Bellanova and Ann Rudinow Saetnan -- World-viewing as world-making : feminist technoscience, international relations, and the aesthetics of the anthropocene / Cara Daggett -- Emerging science and technologies : diplomacy, security, and governance / Margaret E. Kosal -- Constructed "cyber" realities &amp; international relations theory / Ben Wagner -- Constructing an inventive order of rights : the geopolitics of island-building in transnational waters / Venilla Rajaguru -- IR's constitutive absence and the promise of STAIR / Maximilian Mayer -- "The heart is a pump. Or is it?" : the politics of biomedicine, the objectivity of science, and the way we know the world / Christina Hellmich -- Thinking through the science, technology, and art of medicine : an agenda for international relations / Alison Howell -- Oceanic artscapes and international relations / Camellia Webb-Gannon -- From the globe to the germ, and back / Michele Acuto -- Science in the international political economy / David J Hornsby -- Creativity as a worldview : power in collaborative practices / Willow Williamson -- Reflexivity and political analysis : if everything is socially constructed, how can we construct theories? / Peter M. Haas -- Art and agency : alternative spaces for subaltern voices / M&#xF3;nica Trujillo-L&#xF3;pez -- Cookbooks, politics, and culture / Ilan Zvi Baron -- Human/nonhuman assemblages in STAIR : understanding distributed agency in international relations / Kathleen P. J. Brennan -- Resistance to a worldview / Ritu Mathur.</subfield>
  </datafield>
  <datafield tag="650" ind1=" " ind2="7">
    <subfield code="a">Science and international relations.</subfield>
    <subfield code="2">BUEsh</subfield>
  </datafield>
  <datafield tag="650" ind1=" " ind2="7">
    <subfield code="a">Technology and international relations.</subfield>
    <subfield code="2">BUEsh</subfield>
  </datafield>
  <datafield tag="650" ind1=" " ind2="7">
    <subfield code="a">International relations and culture.</subfield>
    <subfield code="2">BUEsh</subfield>
  </datafield>
  <datafield tag="650" ind1=" " ind2="7">
    <subfield code="a">International relations</subfield>
    <subfield code="x">Philosophy.</subfield>
    <subfield code="2">BUEsh</subfield>
  </datafield>
  <datafield tag="653" ind1=" " ind2=" ">
    <subfield code="b">GGEN</subfield>
    <subfield code="c">August2021</subfield>
  </datafield>
  <datafield tag="655" ind1=" " ind2=" ">
    <subfield code="v">Reading book</subfield>
    <subfield code="9">34232</subfield>
  </datafield>
  <datafield tag="700" ind1="1" ind2=" ">
    <subfield code="a">Singh, J. P.,</subfield>
    <subfield code="d">1961-</subfield>
    <subfield code="e">editor.</subfield>
  </datafield>
  <datafield tag="700" ind1="1" ind2=" ">
    <subfield code="a">Carr, Madeline,</subfield>
    <subfield code="e">editor.</subfield>
  </datafield>
  <datafield tag="700" ind1="1" ind2=" ">
    <subfield code="a">Marlin-Bennett, Ren&#xE9;e,</subfield>
    <subfield code="d">1959-</subfield>
    <subfield code="e">editor.</subfield>
    <subfield code="9">38441</subfield>
  </datafield>
  <datafield tag="776" ind1="0" ind2="8">
    <subfield code="i">Online version:</subfield>
    <subfield code="t">Science, technology, and art in international relations</subfield>
    <subfield code="d">New York, NY : Routledge, Taylor &amp; Francis Group, 2019</subfield>
    <subfield code="z">9781315618371</subfield>
    <subfield code="w">(DLC) 2018061772</subfield>
  </datafield>
  <datafield tag="906" ind1=" " ind2=" ">
    <subfield code="a">7</subfield>
    <subfield code="b">cbc</subfield>
    <subfield code="c">orignew</subfield>
    <subfield code="d">1</subfield>
    <subfield code="e">ecip</subfield>
    <subfield code="f">20</subfield>
    <subfield code="g">y-gencatlg</subfield>
  </datafield>
  <datafield tag="942" ind1=" " ind2=" ">
    <subfield code="2">ddc</subfield>
    <subfield code="c">BB</subfield>
  </datafield>
  <datafield tag="952" ind1=" " ind2=" ">
    <subfield code="0">0</subfield>
    <subfield code="1">0</subfield>
    <subfield code="2">ddc</subfield>
    <subfield code="4">0</subfield>
    <subfield code="7">0</subfield>
    <subfield code="8">Academic</subfield>
    <subfield code="a">MAIN</subfield>
    <subfield code="b">MAIN</subfield>
    <subfield code="c">1ST</subfield>
    <subfield code="d">2021-08-01</subfield>
    <subfield code="e">Purchase</subfield>
    <subfield code="g">630.00</subfield>
    <subfield code="h">31174</subfield>
    <subfield code="l">0</subfield>
    <subfield code="o">327.101 SCI</subfield>
    <subfield code="p">000050447</subfield>
    <subfield code="r">2025-07-15 00:00:00</subfield>
    <subfield code="v">787.50</subfield>
    <subfield code="w">2021-08-01</subfield>
    <subfield code="y">BB</subfield>
  </datafield>
</record>
